| 000 | 005750000a22002050004500 | ||
|---|---|---|---|
| 020 | _a84-285-0879-8 | ||
| 041 | 0 | _aSPA | |
| 082 | 0 | 4 | _aG 270.92 B673p |
| 100 | 1 | _aBoff, Leonardo | |
| 245 | 1 | 0 | _aEl padrenuestro : La oración de la liberación integral / Leonardo Boff ; Teófilo Pérez, Traductor |
| 250 | _a2 | ||
| 260 | _aMadrid, España : Paulinas | ||
| 300 | _a167 Pag | ||
| 500 | _aTitulo original : O Pai-nosso | ||
| 001 | 8393 | ||
| 942 | _cBK | ||
| 999 |
_c38556 _d38556 |
||
| 336 |
_atexto _btxt _2rdacontent |
||
| 337 |
_2rdamedia _asin mediación _bn |
||
| 338 |
_2rdacarrier _avolumen _bnc |
||